000 00727nab a2200253 a 4500
001 54657
003 125325
005 20201118103025.0
008 ||||||n9999 ||| || ||
041 _aspa
100 _aPinto Mantilla, Jose Alberto
245 0 _aPrecios y dinero dentro del sistema monetario clasico
260 _aBogotá :
_bUniversidad Industrial de Santander,
_c1995.
300 _app.14-24
562 _e0
650 _aCIENCIAS ECONÓMICAS
650 _aHISTORIA
650 _aPRECIOS
650 _aSALARIOS
650 _aSISTEMA MONETARIO INTERNACIONAL
650 _aTEORÍA ECONÓMICA
773 _035720
_aRevista de la Universidad Industrial de Santander - Vol.23 No.1-2
942 _cSART
999 _c54657
_d54657